[Event "Kolhapur Kulkarni Memorial"]
[Site "Kolhapur"]
[Date "2021.12.09"]
[Round "10"]
[White "Soni Deepak, R."]
[Black "Viswanath, Sandilya B"]
[Result "0-1"]
[WhiteElo "1480"]
[BlackElo "1802"]
[PlyCount "70"]
[EventDate "2021.12.04"]
[EventType "swiss"]
[EventRounds "10"]
[EventCountry "IND"]
[SourceTitle "EXT 2023"]
[Source "ChessBase"]
[SourceDate "2022.10.05"]
[SourceVersion "1"]
[SourceVersionDate "2022.10.05"]
[SourceQuality "1"]

1. d4 Nf6 2. Bf4 d6 3. e3 g6 4. h3 Bg7 5. Nf3 0-0 6. Be2 Nfd7 7. 0-0 e5 8. Bh2 Nc6 9. c3 Qe7 10. Na3 Rd8 11. Re1 Nf8 12. Qb3 Kh8 13. Nc4 e4 14. Nfd2 g5 15. a4 Ng6 16. Qc2 Nh4 17. Nf1 f5 18. Bh5 Rg8 19. Bg3 Be6 20. Ncd2 d5 21. Nh2 Rad8 22. c4 Nb4 23. Qc3 Nd3 24. cxd5 Bxd5 25. Rf1 Nxg2 26. Qxc7 Qxc7 27. Bxc7 Rc8 28. Ba5 Nh4 29. Be2 Bf8 30. Bxd3 exd3 31. Rfc1 Bd6 32. Bc3 h5 33. Rd1 g4 34. hxg4 hxg4 35. Nhf1 Nf3+ 0-1

[Event "Kolhapur Kulkarni Memorial"]
[Site "Kolhapur"]
[Date "2021.12.06"]
[Round "5"]
[White "Viswanath, Sandilya B"]
[Black "Dhiren, Mor"]
[Result "1-0"]
[WhiteElo "1802"]
[BlackElo "1429"]
[PlyCount "83"]
[EventDate "2021.12.04"]
[EventType "swiss"]
[EventRounds "10"]
[EventCountry "IND"]
[SourceTitle "EXT 2023"]
[Source "ChessBase"]
[SourceDate "2022.10.05"]
[SourceVersion "1"]
[SourceVersionDate "2022.10.05"]
[SourceQuality "1"]

1. d4 Nf6 2. Nf3 e6 3. g3 d5 4. Bg2 Be7 5. 0-0 0-0 6. c4 c6 7. Nc3 b6 8. Nd2 Bb7 9. e4 dxe4 10. Ndxe4 Nbd7 11. Bf4 Nxe4 12. Nxe4 Nf6 13. Qd3 Qd7 14. Rad1 Rad8 15. Qc2 Qc8 16. c5 Nxe4 17. Bxe4 g6 18. h4 Rfe8 19. h5 Bf6 20. hxg6 hxg6 21. Bd6 Kg7 22. Be5 Bxe5 23. dxe5 Qc7 24. Rd6 bxc5 25. Qxc5 Qb6 26. b4 Rxd6 27. exd6 Rd8 28. Rc1 Qa6 29. Bg2 Qd3 30. Qxa7 Ba6 31. Qc5 Bb5 32. Bxc6 Bxc6 33. Qxc6 Rxd6 34. Qc3+ Qxc3 35. Rxc3 Kf6 36. a4 Ke5 37. b5 Kd4 38. Rc6 Rd8 39. b6 Ra8 40. b7 Rb8 41. Rb6 Kc5 42. a5 1-0

[Event "Kolhapur Kulkarni Memorial"]
[Site "Kolhapur"]
[Date "2021.12.04"]
[Round "1"]
[White "Viswanath, Sandilya B"]
[Black "Patil, Vishwanil"]
[Result "1-0"]
[WhiteElo "1802"]
[BlackElo "1027"]
[PlyCount "75"]
[EventDate "2021.12.04"]
[EventType "swiss"]
[EventRounds "10"]
[EventCountry "IND"]
[SourceTitle "EXT 2023"]
[Source "ChessBase"]
[SourceDate "2022.10.05"]
[SourceVersion "1"]
[SourceVersionDate "2022.10.05"]
[SourceQuality "1"]

1. d4 d5 2. c4 e6 3. Nf3 Nf6 4. g3 Nc6 5. Bg2 dxc4 6. 0-0 h6 7. e3 Ne4 8. Qc2 Nd6 9. Na3 Be7 10. Nxc4 Nxc4 11. Qxc4 Qd5 12. Qc2 Nb4 13. Qxc7 Bd6 14. Qc3 Nxa2 15. Qd2 Nxc1 16. Rfxc1 a6 17. Ne5 Qb5 18. Bf1 Qb4 19. Qxb4 Bxb4 20. Bb5+ Kf8 21. Rc7 Be7 22. Rac1 Bd7 23. Nxd7+ Kg8 24. Nb6 Bd8 25. Nxa8 Bxc7 26. Rxc7 axb5 27. Rc8+ Kh7 28. Rxh8+ Kxh8 29. Nc7 b4 30. e4 Kg8 31. d5 Kf8 32. d6 e5 33. Kf1 g6 34. Ke2 f5 35. f4 exf4 36. e5 fxg3 37. hxg3 g5 38. e6 1-0